000
00339 a2200133 4500
999
_c
12896
_d
12896
008
240806b ||||| |||| 00| 0 eng d
020
_a
9788874396580
082
_a
720
100
_a
Sarah Lombardi (Editor)
245
_a
Vehicles: Art Brut: The Collection
260
_b
Five Continents Editions
_c
2013
300
_a
166p;
942
_2
ddc